000 00842nas a2200265 4500
001 BR0001141
003 BR-BrBNA
005 20231205101720.0
007 ta
008 230509b bl.|||p| |||| 00| 00por d
040 _aBR-BrBNA
_bpor
_cBiblioteca Nacional de Agricultura
041 _a(Pt)
072 _aL50; U10
100 1 _aFaro, L. el
100 1 _aAlbuquerque, L.G. de
100 1 _aFries, L.A.
245 1 _aComparacao de alguns modelos matematicos para ajuste a curva de lactacao media de um rebanho de raca Caracu
650 _aGado Leiteiro
650 _aRebanho
650 _aCurva de Lactacao
650 _aModelo Matematico
773 0 _tRevista Brasileira de Zootecnia (Brazil)
_xISSN 1516-3598
_g(Sep-Oct 1999), v. 28(5) p. 987-992
_wBR0001141
909 _a202311
_bLúcia
_c55
_dLúcia Elande
942 _2AGRIS
_n0
_cANA
999 _c163448
_d163448